Statistiques concernant Pays les plus proches de la Dominique

Cliquez ici pour prendre le quiz!

Statistiques générales

  • Ce quiz a été pris 49 fois
  • Le résultat moyen est 14 sur 20

Statistiques - réponses

kmpays% Correct
500Venezuela
89%
201Saint-Christophe-et-Niévès
86%
129Sainte-Lucie
86%
204Saint-Vincent-
et-les-Grenadines
86%
1113Brésil
84%
804République dominicaine
84%
1114Colombie
80%
757Guyana
80%
1128Haïti
80%
1131Suriname
80%
439Trinité-et-Tobago
80%
154Antigua-et-Barbuda
77%
277Barbade
77%
298Grenade
77%
27France
75%
1367Bahamas
57%
259Pays-Bas
50%
313Sint Maarten
20%
969Aruba
18%
872Curaçao
18%

Distribution des résultats

Percentile par nombre de réponses

% des personnes avec chaque résultat

Votre développement - résultats

Vous n’avez pas pris ce quiz